000 00869 a2200205 4500
010 _aENG-88360
020 _c530.00
_a8178271400
035 _aEN-71893
037 _bDBAD / PUB
082 0 0 _a327.54058
090 _c8365
_d8365
100 _aAsopa, Sheel K.
245 1 0 _aStruggle for spheres of interest in trans-caucasia-central Asia and India's stakes:
_cby Sheel K. Asopa
_ban appraisal of India's central Asia policy/
260 _aNew Delhi
_bManak Publications
_c2006
270 _aB-7, Saraswati Complex, Subhash Chowk, Laxmi Nagar,
_bNew Delhi
_e110092
_k91-11-22453894, 91-11-22042529
_minfo@manakpublications.com
300 _axv, 376 p.
_c23cm (Hb )
500 _aIncludes bibliographical refrences and index.
942 _adpl
_cEN
_k327.54058 / ASO
999 _c8214
_d8214